logo

Bir Sreshtho Munshi Abdur Rouf Library
Jhenaidah Cadet College

People of Britain / (Record no. 4050)

MARC details
000 -LEADER
fixed length control field 00575nam a2200229 a 4500
001 - CONTROL NUMBER
JCCL Control Number 4050
003 - CONTROL NUMBER IDENTIFIER
JCCL marc code BD-JhCC
005 - DATE AND TIME OF LATEST TRANSACTION
control field 20171122195402.0
008 - FIXED-LENGTH DATA ELEMENTS--GENERAL INFORMATION
fixed length control field 171122s1964 ||||| |||| 00| 0 eng d
035 ## - SYSTEM CONTROL NUMBER
system control number (BD-JhCC)
040 ## - CATALOGING SOURCE
Original cataloging agency BD-JhCC
Modifying agency BD-JhCC
041 ## - LANGUAGE CODE
Language code of Book eng
082 ## - DEWEY DECIMAL CLASSIFICATION NUMBER
Classification number 677.31094281
Author mark and Year PEO 1964
100 ## - MAIN ENTRY--PERSONAL NAME
Personal name Oxford University
245 ## - TITLE STATEMENT
Title People of Britain /
Statement of responsibility, etc Oxford University
260 ## - PUBLICATION, DISTRIBUTION, ETC. (IMPRINT)
Place of publication, distribution, etc London :
Name of publisher, distributor, etc Oxford University Press,
Date of publication, distribution, etc 1964
300 ## - PHYSICAL DESCRIPTION
Pagination 32 p. :
Dimensions 20cm.
490 ## - SERIES STATEMENT
Series statement Series Two
650 ## - SUBJECT ADDED ENTRY--TOPICAL TERM
Topical term or geographic name as entry element Textile Industry
942 ## - ADDED ENTRY ELEMENTS (KOHA)
Source of classification or shelving scheme Dewey Decimal Classification
Koha item type Books
Holdings
Source of classification or shelving scheme Damaged status Not for loan Home library Current library Shelving location Date of accession Total Checkouts Full call number Barcode Date last seen Copy number Koha item type
Dewey Decimal Classification     JCC Rouf Library JCC Rouf Library General Stacks 11/22/2017   677.31094281 PEO 1964 5760 11/22/2017 C-1 Books

JCC Library | Contacts | JCC Home

Last Update on 23 September 2017
Copyright @ 2017-2020 JCC Rouf Library
Rouf Library, Jhenidah Cadet College (JCC), Bangladesh